|
|
|
|
| LEADER |
01129nam a2200265 a 4500 |
| 001 |
3030500 |
| 008 |
091105s1994 ii a b 001 0 eng d |
| 010 |
|
|
|a \\\94907337
|
| 020 |
|
|
|a 0195635833 :
|c Rs290.00
|
| 040 |
|
|
|a DLC
|c DLC
|d DLC
|
| 082 |
0 |
0 |
|a 333.76/0954
|2 20
|
| 245 |
0 |
0 |
|a Technological change and rural development in poor countries :
|b neglected issues /
|c edited by Kartik C. Roy and Cal Clark.
|
| 260 |
|
|
|a Calcutta ;
|a New York :
|b Oxford University Press,
|c 1994.
|
| 300 |
|
|
|a ix, 177 p. :
|b ill. ;
|c 23 cm.
|
| 520 |
|
|
|a Contributed articles.
|
| 504 |
|
|
|a Includes bibliographical references and index.
|
| 541 |
1 |
|
|e 00005539
|
| 650 |
|
0 |
|a Agriculture
|x Economic aspects
|z India.
|
| 650 |
|
0 |
|a Rural development
|x Economic aspects
|z India.
|
| 650 |
|
0 |
|a Land reform
|x Social aspects
|z India.
|
| 700 |
1 |
|
|a Roy, K. C.
|q (Kartik Chandra),
|d 1941-
|
| 700 |
1 |
|
|a Clark, Cal,
|d 1945-
|
| 852 |
4 |
|
|a Ayesha Abed Library
|j General shelf
|
| 999 |
|
|
|c 5171
|d 5171
|
| 952 |
|
|
|0 0
|1 0
|2 ddc
|4 0
|6 333_760954000000000_TEC_1994
|7 0
|9 5024
|a BRACUL
|b BRACUL
|c GEN
|d 2009-11-07
|g 348.00
|l 1
|m 3
|o 333.760954 TEC
|p 3010005539
|r 2012-07-08
|s 2012-06-17
|t 1
|w 2009-11-07
|y BK
|